Statistics for 2010s Oscar Best Actress Nominees

Click here to take the quiz!

General Stats

  • This quiz has been taken 46 times
  • The average score is 23 of 39

Answer Stats

AnswerMovie% Correct
Jennifer LawrenceSilver Linings Playbook, Winter's Bone,Joy
98%
Lady GagaA Star Is Born
98%
Meryl StreepThe Iron Lady, August: Osage County, Florence Foster Jenkins, The Post
93%
Natalie PortmanBlack Swan, Jackie
93%
Emma StoneLa La Land
91%
Margot RobbieI, Tonya
85%
Saoirse RonanBrooklyn, Lady Bird, Little Women
83%
Sandra BullockGravity
78%
Frances McDormandThree Billboards Outside Ebbing, Missouri
76%
Scarlett JohanssonMarriage Story
76%
Renée ZellwegerJudy
74%
Cate BlanchettBlue Jasmine, Carol
72%
Judi DenchPhilomena
72%
Julianne MooreStill Alice
72%
Brie LarsonRoom
70%
Amy AdamsAmerican Hustle
67%
Michelle WilliamsBlue Valentine, My Week with Marilyn
67%
Olivia ColmanThe Favourite
67%
Jessica ChastainZero Dark Thirty
63%
Glenn CloseAlbert Nobbs, The Wife
59%
Viola DavisThe Help
59%
Charlize TheronBombshell
57%
Reese WitherspoonWild
54%
Rooney MaraThe Girl with the Dragon Tattoo
54%
Rosamund PikeGone Girl
54%
Nicole KidmanRabbit Hole
52%
Felicity JonesThe Theory of Everything
48%
Naomi WattsThe Impossible
48%
Melissa McCarthyCan You Ever Forgive Me?
41%
Sally HawkinsThe Shape of Water
41%
Annette BeningThe Kids Are All Right
39%
Marion CotillardTwo Days, One Night
37%
Charlotte Rampling45 Years
33%
Isabelle HuppertElle
28%
Cynthia ErivoHarriet
26%
Quvenzhané WallisBeasts of the Southern Wild
24%
Ruth NeggaLoving
24%
Yalitza AparicioRoma
24%
Emmanuelle RivaAmour
20%

Score Distribution

Percentile by Number Answered

Percent of People with Each Score

Your Score History

You have not taken this quiz